00476nam a2200181 a 4500001001300000003000900013005001700022008004100039020001000080082001300090100001300103245006100116260003700177500003500214505001000249650002200259700001300281nice12345678IN_TiNIC20260116012827.0050524s0000 dela grp 000 0 eng  ac15700a025bAKB aAkbani,  aDirectory of Islamic Studies and Allied Centres in India aDelhibAkhtar Publicationsc0000 aincludes index and biblioraphy2 aIndex aDirectory-Islamic1 aAkbani,